000 00780nam a22002417a 4500
003 UA-OsUOA
001 47801
007 ta
008 20121008b un ||||| |||| 00| 0 ukr d
100 _aКоваль В.У.
090 _a94(477).152
_bК56
942 _cBK
040 _aUA-OsUOA
_bbel
_cUA-OsUOA
_dUA-OsUOA
245 _aУзаемасувязі беларускай і украінскай дыяспар у міжваенны перыяд
300 _a313 с.
955 _a1
041 _abel
080 _a94(477).152
260 _aМінск
_bРІВШ
_c2012
650 7 _a9 Географія. Біографії. Історія
_2UDC
999 _c427901
_d427901